| 000 | 00947nam a22002055i 4500 | ||
|---|---|---|---|
| 001 | 152129 | ||
| 003 | ES-MaACL | ||
| 005 | 20251015191407.0 | ||
| 008 | 051011s1865 sp | |||||||| ||spa d | ||
| 040 |
_aCAM _bspa _cCAM |
||
| 245 | 0 | 0 | _aBiografía del Doctor Don Pedro González Velasco. |
| 260 |
_aMadrid : _b[s.n.], _c1865 ( _fImprenta del Colegio de Sordo-Mudos y de Ciegos) |
||
| 300 |
_a15 p. ; _c22 cm. |
||
| 490 | 1 | _aEscenas contemporáneas : historia de las Cortes y biografías de los senadores y diputados ... / bajo la dirección de Manuel Ovilo y Otero | |
| 600 | 1 | 7 |
_aGonzález Velasco, Pedro, _d1815-1882- _xBiografías _2 _9127435 |
| 700 | 1 |
_aOvilo y Otero, Manuel, _d1826-1885 _9130757 |
|
| 830 | 0 | 0 |
_aEscenas contemporáneas: historia de las Cortes y biografías de los senadores y diputados _9241783 |
| 852 |
_aES-MaACL _jFol-Laf-257 _z-- Sin enc. _z-- Legado de Modesto de la Fuente |
||
| 999 |
_c152129 _d152129 |
||